000 00713nam a2200253Ia 4500
003 OSt
005 20221007081637.0
006 a|||||r|||| 00| 0
007 ta
008 221006b |||||||| |||| 00| 0 eng d
024 _a44,424
037 _cTextual
040 _aFLL
_cFLL
_beng
041 _2eng
_aeng
082 _aY:45:5(Z), Q1
100 _aKARSTEDT Susanne
_9697766
245 0 _aEmotions, Crime and Justice
260 _aOregon
_bHart Publishing USA
_c2011
300 _axv,380p.
_ccm.
700 _a LOADER Ian
_9697767
700 _a STRANG Heather
_9697768
942 _hY:45:5(Z), Q1
_cTEXL
_2CC
999 _c1163808
_d1163808